[Event "IECG TE.2001.F.00900 email"]
[Site "IECG email"]
[Date "2005.01.12"]
[Round "?"]
[White "Ottenweller, Wolfgang"]
[Black "Che, Nellodoc"]
[Result "0-1"]
[WhiteElo "1970"]
[BlackElo "2077"]
[PlyCount "122"]
[EventDate "2005.01.12"]
[EventType "tourn (corr)"]
[EventRounds "8"]
[SourceTitle "Corr 2008"]
[Source "ChessBase"]
[SourceDate "2008.06.24"]
[SourceVersion "1"]
[SourceVersionDate "2008.06.24"]
[SourceQuality "1"]

1. d4 Nf6 2. c4 e5 3. dxe5 Ng4 4. Bf4 Nc6 5. Nf3 Bb4+ 6. Nbd2 Qe7 7. e3 Ngxe5 8. Nxe5 Nxe5 9. Be2 0-0 10. 0-0 Ng6 11. Bg3 Bd6 12. Bxd6 Qxd6 13. Qc2 Qe7 14. c5 d6 15. Rac1 c6 16. cxd6 Qxd6 17. Rfd1 Qe7 18. Nb3 Be6 19. Nc5 Bd5 20. a3 Rfe8 21. Bd3 Rad8 22. b4 b6 23. Bxg6 hxg6 24. Nd3 Be4 25. Qb3 Rd6 26. Ne1 Bd5 27. Qc3 g5 28. Rd4 Rh6 29. Qd3 Qe5 30. h3 f5 31. Rd1 Kh8 32. Kf1 Rf8 33. Ke2 Qh2 34. Qb1 a6 35. Qd3 b5 36. Qb1 Bc4+ 37. Kd2 Qg1 38. Nd3 Qxg2 39. Kc3 a5 40. Rd2 axb4+ 41. Qxb4 Re8 42. Kb2 f4 43. Qc3 fxe3 44. fxe3 Qg3 45. e4 Rxh3 46. Rd7 Rg8 47. a4 g4 48. axb5 cxb5 49. Qe5 Qe3 50. Rc2 g3 51. Nc1 Qe1 52. Qd6 Rh1 53. Qd2 Qxe4 54. Rd4 Qe7 55. Rd7 Qf6+ 56. Qd4 Qf3 57. Rd6 b4 58. Qxc4 Qa3+ 59. Kb1 b3 60. Rcd2 b2 61. Rxb2 Qxd6 0-1

[Event "IECG TE.2001.S.00902 email"]
[Site "IECG email"]
[Date "2003.08.10"]
[Round "?"]
[White "Che, Nellodoc"]
[Black "Perez, Giorgio"]
[Result "1-0"]
[WhiteElo "1812"]
[BlackElo "1877"]
[PlyCount "115"]
[EventDate "2003.08.10"]
[EventType "tourn (corr)"]
[EventRounds "10"]
[SourceTitle "Corr 2008"]
[Source "ChessBase"]
[SourceDate "2008.06.24"]
[SourceVersion "1"]
[SourceVersionDate "2008.06.24"]
[SourceQuality "1"]

1. d4 Nf6 2. c4 e5 3. dxe5 Ng4 4. Nf3 Bc5 5. e3 Nc6 6. Be2 Ngxe5 7. Nxe5 Nxe5 8. 0-0 0-0 9. Nc3 Re8 10. b3 b6 11. Bb2 Bb7 12. a3 a5 13. Nd5 c6 14. Nf4 Bf8 15. Nh5 d6 16. Ng3 Qc7 17. Qd2 Rad8 18. Qc2 d5 19. cxd5 Rxd5 20. Rad1 Red8 21. Rxd5 Rxd5 22. f4 Ng6 23. Ne4 Rd8 24. Ng5 Qe7 25. Bc4 Qxe3+ 26. Kh1 Rd7 27. Qf5 Qe8 28. Bc3 Re7 29. Qg4 b5 30. f5 Ne5 31. Qh5 h6 32. f6 gxf6 33. Bxe5 bxc4 34. Ne4 Rxe5 35. Nxf6+ Kh8 36. Qg4 Rg5 37. Qxg5 hxg5 38. Nxe8 Kg8 39. bxc4 Bxa3 40. Rf5 Bb4 41. c5 Bc8 42. Rxg5+ Kf8 43. Re5 Be6 44. Nc7 Ke7 45. Nxe6 fxe6 46. g4 Kf6 47. Rh5 a4 48. g5+ Kg6 49. Rh4 Bxc5 50. Rxa4 Be3 51. h4 Kf5 52. Ra8 e5 53. Kg2 c5 54. Rf8+ Ke4 55. g6 Bh6 56. Rh8 Bg7 57. Rh7 Bf6 58. Rf7 1-0

[Event "IECG CP.2001.Q.00007 email"]
[Site "IECG email"]
[Date "2002.10.01"]
[Round "?"]
[White "Che, Nellodoc"]
[Black "Truyens, Aime"]
[Result "0-1"]
[WhiteElo "1793"]
[BlackElo "2174"]
[PlyCount "33"]
[EventDate "2002.10.01"]
[EventType "tourn (corr)"]
[EventRounds "6"]
[SourceTitle "Corr 2008"]
[Source "ChessBase"]
[SourceDate "2008.06.24"]
[SourceVersion "1"]
[SourceVersionDate "2008.06.24"]
[SourceQuality "1"]

1. e4 c5 2. Nc3 d6 3. d4 cxd4 4. Qxd4 Bd7 5. Bg5 Nc6 6. Qd2 g6 7. Be3 Bg7 8. Bd3 Nf6 9. f3 0-0 10. Nge2 Qa5 11. 0-0 Rfc8 12. Rad1 Ne5 13. Nf4 e6 14. a3 Ne8 15. Nfe2 Nc4 16. Bxc4 Rxc4 17. Rfe1 0-1

[Event "IECG TE.2001.P.00904 email"]
[Site "IECG email"]
[Date "2001.12.10"]
[Round "?"]
[White "Che, Nellodoc"]
[Black "Maidana Guerra, Victor Ramon"]
[Result "1-0"]
[WhiteElo "1500"]
[BlackElo "1600"]
[PlyCount "43"]
[EventDate "2001.12.10"]
[EventType "tourn (corr)"]
[EventRounds "8"]
[SourceTitle "Corr 2008"]
[Source "ChessBase"]
[SourceDate "2008.06.24"]
[SourceVersion "1"]
[SourceVersionDate "2008.06.24"]
[SourceQuality "1"]

1. d4 Nf6 2. c4 e5 3. dxe5 Ne4 4. a3 Bc5 5. e3 f5 6. Nd2 a5 7. Nxe4 fxe4 8. Qd5 Qe7 9. Qxe4 d6 10. Nf3 Nd7 11. Bd3 dxe5 12. Qf5 g6 13. Qg5 Qe6 14. Qg3 0-0 15. 0-0 Bd6 16. Ng5 Qe7 17. e4 Nc5 18. Bc2 a4 19. Be3 b6 20. Rad1 Qf6 21. Nf3 Ne6 22. Bh6 1-0

[Event "IECG TE.2001.P.00904 email"]
[Site "IECG email"]
[Date "2001.12.10"]
[Round "?"]
[White "Maidana Guerra, Victor Ramon"]
[Black "Che, Nellodoc"]
[Result "0-1"]
[WhiteElo "1600"]
[BlackElo "1500"]
[PlyCount "28"]
[EventDate "2001.12.10"]
[EventType "tourn (corr)"]
[EventRounds "8"]
[SourceTitle "Corr 2008"]
[Source "ChessBase"]
[SourceDate "2008.06.24"]
[SourceVersion "1"]
[SourceVersionDate "2008.06.24"]
[SourceQuality "1"]

1. d4 Nf6 2. c4 e5 3. dxe5 Ng4 4. f4 Bc5 5. Nh3 d6 6. exd6 cxd6 7. Nc3 0-0 8. Qd3 Nc6 9. Ng5 g6 10. Nge4 Nb4 11. Qd1 Bf5 12. Qb3 Re8 13. a3 Rxe4 14. Nxe4 Bxe4 0-1

[Event "IECG R2.2001.0.00005"]
[Site "IECG email"]
[Date "2001.03.15"]
[Round "1"]
[White "Lyew, Merrill"]
[Black "Che, Nellodoc"]
[Result "1/2-1/2"]
[WhiteElo "1589"]
[BlackElo "1500"]
[PlyCount "44"]
[EventDate "2001.03.15"]
[EventType "tourn (corr)"]
[EventRounds "6"]
[SourceTitle "Corr 2024"]
[Source "ChessBase"]
[SourceDate "2023.10.19"]
[SourceVersion "1"]
[SourceVersionDate "2023.10.19"]
[SourceQuality "1"]

1. e4 d5 2. exd5 Qxd5 3. Nc3 Qa5 4. d4 c6 5. Nf3 Nf6 6. Bc4 Bf5 7. Bd2 e6 8. Qe2 Bb4 9. 0-0-0 Nbd7 10. a3 Bxc3 11. Bxc3 Qc7 12. Kb1 0-0 13. h3 Nb6 14. Ba5 Be4 15. Rhe1 Qf4 16. Bd2 Qf5 17. Bb3 Bxf3 18. Qxf3 Qxf3 19. gxf3 a5 20. Bf4 a4 21. Ba2 Nbd5 22. Be5 Ne7 1/2-1/2